000 00422nam a2200169Ia 4500
003 GCL
008 140319s9999 xx 000 0 eng d
040 _aGCL /
_cGCL
082 0 4 _a363.78\W A
100 1 _aWILLIAMS, D.D.
245 1 0 _aAQUATIC INSECTS /
_cWILLIAMS, D.D.
700 1 _aFELTMATE, BLAIR W.
260 _a[S.N] :
_bC. A. B INTERNATIONAL
300 _a358 P
650 0 4 _aAQUATIC INSECTS
942 _2ddc
_cBK
999 _c22298
_d22298